| 000 | 01074nam0a22002771 4500 | ||
|---|---|---|---|
| 001 | v19\rc\1947663 | ||
| 005 | 20251118180905.9 | ||
| 035 | _a(NLR Aleph) 005032959 | ||
| 090 |
_a6710855 _c6710855 |
||
| 100 | _a20080428d1913 u y0rusy50 ca | ||
| 101 | 0 | _arus | |
| 102 | _aRU | ||
| 105 | _aa z ||||| | ||
| 200 | 1 |
_aБоевое электрическое освещение в береговой, крепостной и полевой войне для всех родов оружия _eПособие к такт. задачам _fКронштадт. электротехн. арт. роты поручик Заварзин |
|
| 210 |
_aСанкт-Петербург _cВ. Березовский _d1913 |
||
| 215 |
_a24 с., 1 л. черт. _d22 |
||
| 700 | 1 |
_aЗаварзин _bН.Н. _gНиколай Николаевич |
|
| 801 | 0 |
_aRU _bNLR _gpsbo |
|
| 801 | 0 |
_aRU _bRuMoRGB _2psbo |
|
| 801 | 1 |
_aRU _bProSoft-M _2rusmarc |
|
| 852 |
_aNLR _j20.42.9.198 |
||
| 899 |
_aRuMoRGB _jF 50/161 |
||
| 899 |
_aRuMoRGB _jΔ 136/96 |
||
| 899 | _aБАН | ||
| 942 | _cBOOK | ||
| 980 | _aNB | ||